Fr. Conceicao Rodrigues College of Engineering

Modern probability theory and its application (Record no. 35126)

MARC details
000 -LEADER
fixed length control field 00310nam a2200133Ia 4500
082 ## - DEWEY DECIMAL CLASSIFICATION NUMBER
Classification number 519.2
Item number CRA
100 ## - MAIN ENTRY--PERSONAL NAME
Personal name Parzen/Emanuel
245 ## - TITLE STATEMENT
Title Modern probability theory and its application
260 ## - PUBLICATION, DISTRIBUTION, ETC.
Name of publisher, distributor, etc. John wiley
Place of publication, distribution, etc. New York
Date of publication, distribution, etc. 1960
300 ## - PHYSICAL DESCRIPTION
Extent 464
546 ## - LANGUAGE NOTE
Language note ENGLISH
654 ## - SUBJECT ADDED ENTRY--FACETED TOPICAL TERMS
Focus term probability
942 ## - ADDED ENTRY ELEMENTS (KOHA)
Koha item type BOOK
Holdings
Withdrawn status Lost status Damaged status Not for loan Collection Home library Current library Shelving location Date acquired Cost, normal purchase price Total Checkouts Full call number Barcode Date last seen Cost, replacement price Price effective from Koha item type
        CRC Fr. Agnel's C.Rodrigues College of Engineering Fr. Agnel's C.Rodrigues College of Engineering   17/03/2023 375.00   519.2 CRA 1315 17/03/2023 375.00 17/03/2023 BOOK